Top 20 Most Famous Actors - Statistics

General Stats
  • This quiz has been taken 341 times
  • The average score is 7 of 20
Answer Stats
% Actor % Correct
74 Al Pacino
62%
76 Robert De Niro
62%
91 Tom Hanks
60%
70 Marlon Brando
51%
78 Jack Nicholson
48%
74 Morgan Freeman
37%
76 Clint Eastwood
35%
85 Johnny Depp
35%
53 Denzel Washington
33%
69 Dustin Hoffman
33%
65 Humphrey Bogart
33%
77 James Dean
28%
76 Anthony Hopkins
27%
48 James Stewart
27%
57 John Wayne
26%
49 Clark Gable
25%
46 Paul Newman
25%
78 Sean Connery
21%
62 Sean Penn
21%
77 Russell Crowe
17%
No matching quizzes found
Score Distribution
Percent of People with Each Score
Percentile by Number Answered
Your Score History
You have not taken this quiz